New TOEIC speaking coach

New TOEIC Speaking Coach Contents: Chapter 1: Read a text aloudUnit 1: Description of question type Unit 2: Troublesome soundsUnit 3: Practicing PluralsUnit 4: "Pronouncing" PunctuationUnit 5: Imitate a recording Unit 6: Using Prep Time to Rehearse Problem Words

Guardat en:
Dades bibliogràfiques
Format: Llibre
Idioma:Undetermined
Publicat: Thành phố Hồ Chí Minh Tổng hợp Thành phố Hồ Chí Minh 2011
Matèries:
Etiquetes: Afegir etiqueta
Sense etiquetes, Sigues el primer a etiquetar aquest registre!
Thư viện lưu trữ: Trung tâm Học liệu Trường Đại học Cần Thơ
LEADER 00856nam a2200193Ia 4500
001 CTU_200665
008 210402s9999 xx 000 0 und d
082 |a 428.0076 
082 |b N532 
245 0 |a New TOEIC speaking coach 
245 0 |c San Francisco Education Consulting 
260 |a Thành phố Hồ Chí Minh 
260 |b Tổng hợp Thành phố Hồ Chí Minh 
260 |c 2011 
520 |a New TOEIC Speaking Coach Contents: Chapter 1: Read a text aloudUnit 1: Description of question type Unit 2: Troublesome soundsUnit 3: Practicing PluralsUnit 4: "Pronouncing" PunctuationUnit 5: Imitate a recording Unit 6: Using Prep Time to Rehearse Problem Words 
650 |a English language,Ngôn ngữ Anh 
650 |x Examinations,Kỳ thi 
904 |i Tuyến 
980 |a Trung tâm Học liệu Trường Đại học Cần Thơ